| 000 | 00790nam a22002531 4500 | ||
|---|---|---|---|
| 001 | 22105 | ||
| 003 | BD-RjUL | ||
| 005 | 20211209000752.0 | ||
| 008 | 140306s1952 enka 000 0 eng | ||
| 035 | _a(BD-RjUL)22170 | ||
| 040 |
_aDLC _cAk _dDLC _dBD-RjUL _beng |
||
| 041 | _aeng | ||
| 082 | 0 | 0 |
_a919.9 _bDEI 1952 |
| 100 | 1 |
_aDebenham, Frank, _d1883-1965. _968244 |
|
| 245 | 1 | 0 |
_aIn the Antarctic : _bstories of Scott's last expedition / _cWith illus. by Edward Wilson and the author. |
| 250 | _a1st ed. | ||
| 260 |
_aLondon : _bMurray, _c1952. |
||
| 300 |
_avii, 145 p. : _bill. ; _c21 cm. |
||
| 600 | 1 | 0 |
_aScott, Robert Falcon, _d1868-1912. _968250 |
| 651 | 0 |
_aAntarctica _xDiscovery and exploration _xBritish. _968246 |
|
| 942 |
_2ddc _cBK |
||
| 999 |
_c22105 _d22105 |
||